[Event "Carlsen Inv Prelim"]
[Site "chess24.com INT"]
[Date "2020.04.20"]
[Round "2.4"]
[White "Giri,A"]
[Black "Nakamura,Hi"]
[Result "1/2-1/2"]
[WhiteElo "2764"]
[BlackElo "2736"]

1.e4 e5 2.Nf3 Nc6 3.Bc4 Bc5 4.c3 Nf6 5.d3 d6 6.O-O h6 7.Re1 O-O 8.Nbd2 a5
9.Nf1 Ne7 10.Bb3 Ng6 11.Ng3 Re8 12.h3 Be6 13.Ba4 c6 14.d4 Bb6 15.Bc2 Bc7
16.Bd2 Qe7 17.a4 Rad8 18.Bd3 Qf8 19.Qc2 Nf4 20.Bf1 Ng6 21.c4 c5 22.d5 Bd7
23.Qc1 Kh8 24.Ra3 Ra8 25.Bd3 Bd8 26.Bc2 Nh7 27.Nf5 Ra6 28.g3 Ne7 29.g4 Ng6
30.Kh2 Bf6 31.Rg1 Nf4 32.Bxf4 exf4 33.Qxf4 Ng5 34.Ra2 g6 35.Ng3 Qe7 36.b3 Kg7
37.Kg2 h5 38.Rh1 Nxf3 39.Qxf3 hxg4 40.hxg4 Qe5 41.Bd1 Raa8 42.Re2 Rh8 43.Ree1 Qg5
44.Be2 Be5 45.Reg1 Rae8 46.Rxh8 Rxh8 47.Rh1 Rxh1 48.Nxh1 f5 49.exf5 gxf5
50.Ng3 fxg4 51.Qe4 Qg6 52.Bd3  1/2-1/2

[Event "Carlsen Inv Prelim"]
[Site "chess24.com INT"]
[Date "2020.04.20"]
[Round "2.2"]
[White "Giri,A"]
[Black "Nakamura,Hi"]
[Result "1/2-1/2"]
[WhiteElo "2764"]
[BlackElo "2736"]

1.d4 Nf6 2.c4 e6 3.Nf3 d5 4.Nc3 Be7 5.Bf4 O-O 6.e3 Nbd7 7.Be2 dxc4 8.O-O c5
9.dxc5 Nxc5 10.Bxc4 a6 11.Ne5 Ncd7 12.Be2 Bb4 13.Bf3 Bxc3 14.bxc3 Nd5 15.Bxd5 exd5
16.Qxd5 Nxe5 17.Qxe5 Be6 18.Rfd1 Qc8 19.e4 Qc4 20.Qd4 Rac8 21.Rd3 f5 22.exf5 Rxf5
23.Be5 Qxd4 24.Bxd4 Re8 25.Re3 Bd7 26.Rxe8+ Bxe8 27.Re1 Bc6 28.f3 Kf7 29.Be5 Kg8
30.Kf2 Rf7 31.Bd4 Rf5 32.Re7 Rf7 33.Re5 Rf8 34.Rg5 g6 35.Kg3 Rf5 36.Rxf5 gxf5
37.Kf4 Bd7 38.Kg5 Kf7 39.c4 Be6 40.a4 Bd7 41.a5 Bc8 42.c5 Bd7 43.Bc3 Bc8
44.Bb2 Bd7 45.h3 Bb5 46.Kxf5 Bf1 47.g4 Bxh3 48.Kg5 Bf1 49.f4 Be2 50.f5 Bd1
51.Bd4 Be2 52.Kf4 Bd1 53.Be5 Be2 54.Bc7 Bd1 55.Bd8 Be2 56.g5 Bd3 57.Ke5 Bc2
58.Bc7 Bd3 59.Kf4 Bc2 60.Be5 Bd3 61.Bd4 Bc2 62.Bf2 Bd3 63.Bh4 Bc2 64.Ke5 Bb1
65.Bf2 Bc2 66.Be3 Bb1 67.f6 Bd3  1/2-1/2

[Event "Carlsen Inv Prelim"]
[Site "chess24.com INT"]
[Date "2020.04.20"]
[Round "2.1"]
[White "Nakamura,Hi"]
[Black "Giri,A"]
[Result "1-0"]
[WhiteElo "2736"]
[BlackElo "2764"]

1.d4 Nf6 2.c4 g6 3.Nf3 Bg7 4.e3 O-O 5.Be2 c5 6.d5 d6 7.O-O e6 8.Nc3 exd5
9.cxd5 Bg4 10.Nd2 Bxe2 11.Qxe2 Na6 12.Rd1 Re8 13.Nc4 Ne4 14.Nxe4 Rxe4 15.a4 Nc7
16.Bd2 Qd7 17.Qd3 f5 18.Bc3 Rd8 19.f3 Ree8 20.Be1 Qe7 21.Bg3 Bf6 22.Rac1 b6
23.Be1 Bg5 24.Bd2 Bf6 25.b4 Qd7 26.b5 Qf7 27.Be1 Qe7 28.Rb1 f4 29.e4 Bd4+
30.Kh1 Rb8 31.Bc3 Bxc3 32.Qxc3 Qf8 33.a5 bxa5 34.Qxa5 Rb7 35.e5 dxe5 36.d6 Na8
37.Nxe5 Nb6 38.d7 Rd8 39.Rd2 Qf5 40.Re1 Kg7 41.Qc3 Qxd7 42.Nxd7+  1-0

[Event "Carlsen Inv Prelim"]
[Site "chess24.com INT"]
[Date "2020.04.22"]
[Round "3.3"]
[White "Firouzja,Alireza"]
[Black "Nakamura,Hi"]
[Result "0-1"]
[WhiteElo "2728"]
[BlackElo "2736"]

1.d4 Nf6 2.c4 e6 3.Nf3 d5 4.Nc3 Be7 5.Bf4 O-O 6.e3 Nbd7 7.c5 c6 8.h3 b6 9.b4 a5
10.a3 h6 11.Bd3 Ba6 12.O-O Qc8 13.Re1 Bxd3 14.Qxd3 Qb7 15.Reb1 axb4 16.axb4 Rfc8
17.Nd2 Rxa1 18.Rxa1 Ra8 19.Qb1 Bd8 20.Rxa8 Qxa8 21.Qa2 Qb7 22.Qa4 b5 23.Qa3 Ne8
24.e4 dxe4 25.Ncxe4 Ndf6 26.Nd6 Nxd6 27.cxd6 Nd5 28.Bg3 Bb6 29.Nb3 f6 30.Nc5 Bxc5
31.dxc5 e5 32.f3 Kf7 33.Be1 Nf4 34.Qa2+ Ne6 35.Bd2 Qd7 36.h4 h5 37.Be3 Kg8
38.Qc2 Nf8 39.Qe4 Qc8 40.g4 hxg4 41.fxg4 Qa6 42.g5 Kf7 43.gxf6 gxf6 44.Bf2 Qb7
45.h5 Qd7 46.Kh2 Kg7 47.Be3 Qc8 48.h6+ Kh8 49.Kg3 Qd7 50.Kg2 Qc8 51.Kh2 Qd7
52.Kg3 Qc8 53.Qg4 Qb7 54.Qf5 Qf7 55.Bf2 Nd7 56.Qe4 f5 57.Qh4 Nf6 58.Kh3 Kh7
59.Bg3 f4 60.Bf2 Qe6+ 61.Kg2 Qf5 62.Kh2 Kg6 63.Qh3 Qxh3+ 64.Kxh3 Kxh6 65.Bh4 Nd7
66.Kg4 Kg6 67.Bg5 f3 68.Bh4 Kf7 69.Kxf3 Ke6 70.Ke4 Nb8 71.Be7 Na6 72.Bg5 Nxb4
73.Be3 Nd5 74.Bd2 Nf6+ 75.Kd3 Kd5 76.Be3 Ke6 77.Bd2 Nd7 78.Be3 Kd5 79.Bf2 b4
80.Bg1 e4+ 81.Kc2 Kc4 82.Kb2 Ne5 83.Bf2 Nd7 84.Bg1 b3 85.Bf2 Kd3 86.Kxb3 e3
87.Be1 Nxc5+ 88.Kb4 Nd7 89.Ka5 Kc4 90.Bg3 Kb3 91.Ka6 c5 92.Kb5 c4 93.Kc6 Nf8  0-1

[Event "Carlsen Inv Prelim"]
[Site "chess24.com INT"]
[Date "2020.04.22"]
[Round "3.4"]
[White "Nakamura,Hi"]
[Black "Firouzja,Alireza"]
[Result "1-0"]
[WhiteElo "2736"]
[BlackElo "2728"]

1.e4 d5 2.exd5 Qxd5 3.Nc3 Qa5 4.b4 Qxb4 5.Rb1 Qd6 6.d4 Qd8 7.Bc4 Nf6 8.Nf3 e6
9.O-O Be7 10.Ne5 O-O 11.Re1 c5 12.d5 exd5 13.Nxd5 Be6 14.Nxf7  1-0

[Event "Carlsen Inv Prelim"]
[Site "chess24.com INT"]
[Date "2020.04.22"]
[Round "3.1"]
[White "Firouzja,Alireza"]
[Black "Nakamura,Hi"]
[Result "1/2-1/2"]
[WhiteElo "2728"]
[BlackElo "2736"]

1.d4 Nf6 2.c4 e6 3.Nf3 d5 4.Nc3 Be7 5.Bf4 O-O 6.e3 Nbd7 7.c5 c6 8.h3 b6 9.b4 a5
10.a3 h6 11.Bd3 Ba6 12.O-O Qc8 13.Na4 Bxd3 14.Qxd3 b5 15.Nc3 Qb7 16.Nd2 Bd8
17.Nb3 a4 18.Nd2 Bc7 19.Bxc7 Qxc7 20.f4 Kh8 21.Rae1 Rad8 22.g4 Ng8 23.Nf3 Ne7
24.Re2 f6 25.e4 Ng6 26.exd5 Nxf4 27.d6 Qxd6 28.cxd6 Nxd3 29.Nh4 Rfe8 30.Rd2 g5
31.Ng2 Nf4 32.Nxf4 gxf4 33.Rxf4 e5 34.dxe5 Rxe5 35.Ne4 Kg7 36.Ng3 c5 37.Nf5+ Kh7
38.bxc5 Rxc5 39.Kg2 Ne5 40.Rfd4 Rc3 41.Rd5 Rxa3 42.Rxb5 Rd7 43.Rc2 Rb3 44.Ra5 a3
45.Rc7 Rb2+  1/2-1/2

[Event "Carlsen Inv Prelim"]
[Site "chess24.com INT"]
[Date "2020.04.22"]
[Round "3.2"]
[White "Nakamura,Hi"]
[Black "Firouzja,Alireza"]
[Result "1-0"]
[WhiteElo "2736"]
[BlackElo "2728"]

1.Nf3 d5 2.g3 Nf6 3.Bg2 e6 4.d4 Be7 5.c4 O-O 6.Qc2 c5 7.O-O cxd4 8.Nxd4 e5
9.Nf5 d4 10.Nxe7+ Qxe7 11.b3 Nc6 12.a3 e4 13.Bg5 Bf5 14.Nd2 Rfe8 15.Bxf6 gxf6
16.e3 Bg6 17.b4 d3 18.Qc3 f5 19.c5 Ne5 20.f3 exf3 21.Bxf3 Nxf3+ 22.Rxf3 Bh5
23.Rf2 Qe5 24.Qxe5 Rxe5 25.Nc4 Re4 26.Nd6 Rxe3 27.Nxf5 Re5 28.g4 Bg6 29.Rd1 h5
30.h3 hxg4 31.hxg4 Re4 32.Rxd3 Rxg4+ 33.Kf1 Kf8 34.Rd7 a5 35.Nh6 Rg3 36.Nxf7 Ke8
37.Rxb7 Bxf7 38.Rbxf7  1-0

[Event "Carlsen Inv Prelim"]
[Site "chess24.com INT"]
[Date "2020.04.25"]
[Round "4.4"]
[White "Nepomniachtchi,I"]
[Black "Nakamura,Hi"]
[Result "1/2-1/2"]
[WhiteElo "2784"]
[BlackElo "2736"]

1.d4 Nf6 2.c4 e6 3.Nf3 d5 4.Nc3 Be7 5.Bf4 O-O 6.e3 Nbd7 7.a3 c5 8.cxd5 Nxd5
9.Nxd5 exd5 10.dxc5 Nxc5 11.Be5 Bf6 12.Be2 Bf5 13.Bxf6 Qxf6 14.Qd4 Qd6 15.Rd1 Rfd8
16.Qd2 Nb3 17.Qc3 Qb6 18.Nd4 Nxd4 19.Qxd4 Qxd4 20.Rxd4 Rac8 21.g4 Rc1+ 22.Rd1 Rxd1+
23.Bxd1 Be6 24.f4 f5 25.gxf5 Bxf5 26.Bb3 Kf8 27.O-O d4 28.Rd1 d3 29.Kf2 Rd6
30.Kf3 Rb6 31.Bd5 Rxb2 32.e4 Bd7 33.Rxd3 Rxh2 34.Rd4 Rh3+ 35.Kf2 Rxa3 36.Bxb7 Ra2+
37.Ke3 Ra3+ 38.Kd2 Ra2+ 39.Kc3 Ke7 40.Bd5 Ra3+ 41.Kd2 Ra4 42.Rd3 Be6 43.Ba8 Ra2+
44.Ke3 Rb2 45.f5 Bf7 46.Kf4 g6 47.Ra3 gxf5 48.Rxa7+ Kf8 49.exf5 Rb4+ 50.Kg5 Rb6
51.Be4 h6+ 52.Kg4 Rb4 53.Kf3 h5 54.Ke3 Bb3 55.Rh7 Ba2 56.Rxh5 Bb1 57.Bd5 Kg7
58.Be6 Kf6 59.Bd7 Ke5 60.Bc8 Rb3+ 61.Kf2 Rb8 62.Bd7 Rd8 63.Be6 Bxf5 64.Bxf5 Rf8
65.Ke3 Rxf5 66.Rxf5+ Kxf5  1/2-1/2

[Event "Carlsen Inv Prelim"]
[Site "chess24.com INT"]
[Date "2020.04.25"]
[Round "4.3"]
[White "Nakamura,Hi"]
[Black "Nepomniachtchi,I"]
[Result "1/2-1/2"]
[WhiteElo "2736"]
[BlackElo "2784"]

1.e4 c5 2.Nf3 d6 3.Bb5+ Nd7 4.Ba4 Nf6 5.O-O a6 6.c4 e5 7.d3 g6 8.Nc3 Bg7
9.a3 O-O 10.b4 h6 11.Rb1 Qc7 12.Bd2 b6 13.Ne1 Nb8 14.Nc2 Nc6 15.bxc5 bxc5
16.Bxc6 Qxc6 17.Ne3 Ra7 18.Ncd5 Nh5 19.Rb6 Qd7 20.Rb8 Rb7 21.Nb6 Qe6 22.Rxc8 Rxc8
23.Nxc8 Qxc8 24.Nd5 Kh7 25.Qa4 Rb2 26.Bc3 Rb8 27.Bd2 Nf6 28.Nc3 Nd7 29.Qc2 h5
30.Rb1 Bh6 31.Be1 Nf8 32.Nd5 Ne6 33.Bc3 Nf4 34.Nxf4 Bxf4 35.Rxb8 Qxb8 36.Qb2 Qxb2
37.Bxb2 Kg7 38.h3 Kf6 39.Bc3 Bc1 40.a4 Ke6  1/2-1/2

[Event "Carlsen Inv Prelim"]
[Site "chess24.com INT"]
[Date "2020.04.25"]
[Round "4.1"]
[White "Nakamura,Hi"]
[Black "Nepomniachtchi,I"]
[Result "1-0"]
[WhiteElo "2736"]
[BlackElo "2784"]

1.e4 e6 2.d4 d5 3.Nc3 Bb4 4.e5 c5 5.a3 Bxc3+ 6.bxc3 Ne7 7.Qg4 cxd4 8.Qxg7 Rg8
9.Qxh7 Qc7 10.Qd3 dxc3 11.Nf3 b6 12.h4 Ba6 13.Qd4 Bxf1 14.Kxf1 Nd7 15.h5 Rc8
16.h6 Qc4+ 17.Qxc4 Rxc4 18.Bg5 Rh8 19.g3 Rh7 20.Kg2 Nc6 21.Rae1 b5 22.Bf6 Nxf6
23.exf6 Rg4 24.Rh5 Rg6 25.Rxd5 Rxf6 26.Rc5 Ne7 27.Rxb5 Rfxh6 28.Rb8+ Kd7
29.Ne5+ Kc7 30.Reb1 Nc6 31.R8b7+ Kd6 32.Nxf7+ Rxf7 33.Rxf7  1-0

[Event "Carlsen Inv Prelim"]
[Site "chess24.com INT"]
[Date "2020.04.25"]
[Round "4.2"]
[White "Nepomniachtchi,I"]
[Black "Nakamura,Hi"]
[Result "1/2-1/2"]
[WhiteElo "2784"]
[BlackElo "2736"]

1.d4 Nf6 2.c4 e6 3.Nf3 d5 4.Nc3 Be7 5.Bf4 O-O 6.e3 Nbd7 7.c5 c6 8.h3 b6 9.b4 a5
10.a3 h6 11.Qc1 Bb7 12.Bd3 Qc8 13.O-O Ba6 14.Bxa6 Rxa6 15.Qc2 Qb7 16.Rab1 axb4
17.axb4 Rfa8 18.Rfc1 b5 19.Qb2 Ne4 20.Ra1 Qa7 21.Rxa6 Qxa6 22.Nxe4 dxe4 23.Nd2 f5
24.Nb3 Nf6 25.Bd6 Bd8 26.Ra1 Qb7 27.Ra3 Ra4 28.Qa2 Qa7 29.Rxa4 Qxa4 30.Qxa4 bxa4
31.Nc1 Nd5 32.Na2 g5 33.g3 Kf7 34.Kf1 Bc7 35.Bxc7 Nxc7 36.Ke2 Nd5 37.Kd2 h5
38.Nc3 a3 39.Kc2 Nxb4+ 40.Kb3 Nd3 41.Nd1 h4 42.gxh4 gxh4 43.Kxa3 Ke7 44.Kb3 Ne1
45.Nc3 Nd3 46.Nd1 f4 47.exf4 Nxf4 48.Nc3 Nxh3 49.Nxe4 Nf4 50.Kc2 h3 51.Ng3 Kf6
52.Kd2 Kg5 53.Ke3 Kg4 54.Nf1 Nd5+ 55.Ke4 Nc3+ 56.Ke3 Nd1+ 57.Ke2 Nb2 58.Ke3 Nc4+
59.Kd3 Kf3 60.Kxc4 Kxf2 61.Nh2 Kg2 62.Ng4 Kg3 63.Ne3 Kf3 64.Nf1 Kf2 65.Nh2 Kg2
66.Ng4 Kg3 67.Ne3 Kf3 68.Nf1 Kf2  1/2-1/2

[Event "Carlsen Inv Prelim"]
[Site "chess24.com INT"]
[Date "2020.04.27"]
[Round "5.2"]
[White "Nakamura,Hi"]
[Black "Caruana,F"]
[Result "1-0"]
[WhiteElo "2736"]
[BlackElo "2835"]

1.d4 d5 2.c4 c6 3.Nf3 Nf6 4.Qc2 dxc4 5.Qxc4 Bf5 6.g3 e6 7.Bg2 Be7 8.O-O O-O
9.Qb3 Qb6 10.Nbd2 Nbd7 11.Nc4 Qa6 12.Bf4 Nb6 13.Bd6 Rfe8 14.Nfd2 Rad8 15.Bxe7 Rxe7
16.e3 Nxc4 17.Nxc4 Be4 18.Rfc1 Bxg2 19.Kxg2 c5 20.dxc5 Qc6+ 21.Kg1 Qxc5 22.Qa3 Rc7
23.Qxc5 Rxc5 24.Nd6 Rxc1+ 25.Rxc1 g5 26.Rc8 Rxc8 27.Nxc8 a6 28.Nd6 b5 29.Nb7 Kf8
30.Nc5 a5 31.Nb3 a4 32.Nd4 b4 33.Nc6 a3 34.b3 Nd5 35.f3 Nxe3 36.Nxb4 Nd1
37.Kf1 Nc3 38.Ke1 Ke7 39.Kd2 Nb5 40.Kd3 e5 41.Nc2 Ke6 42.Kc4 Nd6+ 43.Kc5 h5
44.Nxa3 g4 45.fxg4 hxg4 46.Nc2 f5 47.Ne3 Ne4+ 48.Kc6 Nf6 49.a4 f4 50.Nf1 f3
51.a5 Nd5 52.Kc5 e4 53.Kd4 Kd6 54.Kxe4 Kc5 55.a6  1-0

[Event "Carlsen Inv Prelim"]
[Site "chess24.com INT"]
[Date "2020.04.27"]
[Round "5.4"]
[White "Nakamura,Hi"]
[Black "Caruana,F"]
[Result "1/2-1/2"]
[WhiteElo "2736"]
[BlackElo "2835"]

1.d4 d5 2.c4 c6 3.Nf3 Nf6 4.Qc2 dxc4 5.Qxc4 Bf5 6.g3 e6 7.Bg2 Be7 8.O-O O-O
9.Qb3 Qb6 10.Nbd2 Rd8 11.Nc4 Qa6 12.Bd2 Nbd7 13.Rfc1 Be4 14.Bb4 c5 15.dxc5 Nxc5
16.Qa3 Qxa3 17.Bxa3 Rac8 18.Ne1 Kf8 19.Bxe4 Nfxe4 20.f3 Nf6 21.Kf2 Nd5 22.Ne3 Nxe3
23.Kxe3 a5 24.f4 Nd7 25.Bxe7+ Kxe7 26.Nd3 Nb6 27.Kf3 Nc4 28.a4 Rc6 29.b4 axb4
30.Nxb4 Rc7 31.a5 Rdc8 32.Kf2 Nd6 33.Rxc7+ Rxc7 34.a6 bxa6 35.Rxa6 Ne4+ 36.Ke3 Nc5
37.Rc6 Rxc6 38.Nxc6+ Kd6 39.Ne5 f6 40.Nf3 Nd7 41.Nd2  1/2-1/2

[Event "Carlsen Inv Prelim"]
[Site "chess24.com INT"]
[Date "2020.04.27"]
[Round "5.3"]
[White "Caruana,F"]
[Black "Nakamura,Hi"]
[Result "1/2-1/2"]
[WhiteElo "2835"]
[BlackElo "2736"]

1.d4 Nf6 2.c4 e6 3.Nf3 d5 4.Nc3 Be7 5.Bf4 O-O 6.e3 Nbd7 7.c5 c6 8.h4 b6 9.b4 a5
10.a3 Ne4 11.Nxe4 dxe4 12.Ne5 Nxe5 13.Bxe5 Qd5 14.Be2 Ba6 15.Bxa6 Rxa6 16.O-O Rfa8
17.cxb6 Rxb6 18.Bc7 Rba6 19.Bxa5 Bxh4 20.Rc1 Be7 21.Rc3 Bd6 22.Qc2 h5 23.Rc1 Rc8
24.Qe2 Rca8 25.Rc5 Bxc5 26.Rxc5 Qb3 27.Qxh5 f5 28.g3 Qxa3 29.Kg2 Rf8 30.Qe2 Qd3
31.Qxd3 exd3 32.Rc3 d2 33.Rd3 Kf7 34.Rxd2 Rh8 35.Rc2 g5 36.g4 Kg6 37.gxf5+ exf5
38.Rc5 Re8 39.Bc7 Rc8 40.Ba5 Re8 41.Bc7 Rc8 42.Ba5 Re8  1/2-1/2

[Event "Carlsen Inv Prelim"]
[Site "chess24.com INT"]
[Date "2020.04.27"]
[Round "5.5"]
[White "Caruana,F"]
[Black "Nakamura,Hi"]
[Result "1-0"]
[WhiteElo "2835"]
[BlackElo "2736"]

1.d4 Nf6 2.c4 e6 3.Nf3 d5 4.Nc3 Be7 5.Bf4 O-O 6.e3 Nbd7 7.cxd5 Nxd5 8.Nxd5 exd5
9.Bd3 c5 10.O-O c4 11.Bc2 b5 12.b3 a5 13.bxc4 bxc4 14.Rb1 Bb4 15.h3 Ra6 16.Qe2 Nf6
17.Ne5 Be6 18.f3 Nd7 19.Ng4 Re8 20.Rfd1 Bxg4 21.hxg4 Bd6 22.Bxd6 Rxd6 23.Rb7 Nf8
24.Qf2 Rf6 25.Rdb1 Qd6 26.g5 Rfe6 27.e4 Qa3 28.e5 R6e7 29.R7b5 Qc3 30.Rxd5 Ne6
31.Ba4 Rf8 32.f4 g6 33.Rd6 Ng7 34.Bc2 Ne8 35.Rc6 Rd7 36.Rd1 Nc7 37.Be4 Rfd8
38.Qf3 Qxf3 39.Bxf3 Ne6 40.d5 Nxf4 41.d6 Nd3 42.Bg4 Ra7 43.d7 Kf8 44.Rxc4 Nb4
45.e6 fxe6 46.Bxe6 Ra6 47.Rc8 Ke7 48.Bg4 Ra8 49.Re1+ Kf7 50.Re8  1-0

[Event "Carlsen Inv Prelim"]
[Site "chess24.com INT"]
[Date "2020.04.27"]
[Round "5.1"]
[White "Caruana,F"]
[Black "Nakamura,Hi"]
[Result "1-0"]
[WhiteElo "2835"]
[BlackElo "2736"]

1.d4 Nf6 2.c4 e6 3.Nf3 d5 4.Nc3 Be7 5.Bf4 O-O 6.e3 Nbd7 7.c5 c6 8.h4 b6 9.b4 a5
10.a3 Ne4 11.Nxe4 dxe4 12.Ne5 Nxe5 13.Bxe5 Qd5 14.Be2 Ba6 15.O-O Bxe2 16.Qxe2 axb4
17.axb4 bxc5 18.bxc5 Bxc5 19.Bxg7 Kxg7 20.dxc5 Qe5 21.Rad1 Ra5 22.Rd4 Kh8
23.g3 Rxc5 24.Rb1 Rd5 25.Rc4 c5 26.Qc2 f5 27.Ra4 Rfd8 28.Rb7 R5d7 29.Ra8 Rxb7
30.Rxd8+ Kg7 31.Kg2 Rc7 32.Qa4 Qf6 33.Qe8 Kh6 34.Rd6 Kg7 35.Qb8 Rf7 36.Rc6 Rd7
37.Rc8 Kh6 38.Rxc5 Rg7 39.Rc6 Re7 40.Rc8 Rf7 41.Re8 Re7 42.Qd8 Rf7 43.Qd6 Kh5
44.Rxe6 Qg7 45.Qf4 Rf6 46.g4+ Kxh4 47.g5+  1-0

[Event "Carlsen Inv Prelim"]
[Site "chess24.com INT"]
[Date "2020.04.29"]
[Round "6.4"]
[White "Ding Liren"]
[Black "Nakamura,Hi"]
[Result "1/2-1/2"]
[WhiteElo "2791"]
[BlackElo "2736"]

1.d4 Nf6 2.c4 e6 3.g3 d5 4.Bg2 Be7 5.Nf3 O-O 6.O-O dxc4 7.Qc2 a6 8.a4 Bd7
9.Qxc4 Bc6 10.Bf4 Bd6 11.Qc1 Nbd7 12.Re1 Qe7 13.Nc3 Bxf3 14.Bxf3 Bxf4 15.Qxf4 c6
16.a5 e5 17.dxe5 Nxe5 18.Bg2 Rad8 19.Red1 h6 20.Rxd8 Rxd8 21.Ra4 Ng6 22.Qb4 Qc7
23.Ra1 Ne7 24.Na4 Ned5 25.Qe1 Qe7 26.Rc1 Nc7 27.Nc5 Ne6 28.Nd3 Nd4 29.e3 Nf3+
30.Bxf3 Rxd3 31.Be2 Rd6 32.Rd1 g6 33.Rxd6 Qxd6 34.Qc3 Ne4 35.Qc4 Nd2 36.Qc3 Ne4
37.Qc4 Nd2 38.Qc3 Ne4  1/2-1/2

[Event "Carlsen Inv Prelim"]
[Site "chess24.com INT"]
[Date "2020.04.29"]
[Round "6.2"]
[White "Ding Liren"]
[Black "Nakamura,Hi"]
[Result "1/2-1/2"]
[WhiteElo "2791"]
[BlackElo "2736"]

1.d4 Nf6 2.c4 e6 3.g3 d5 4.Bg2 Be7 5.Nf3 O-O 6.O-O dxc4 7.Qc2 a6 8.a4 Bd7
9.Qxc4 Bc6 10.Bf4 Bd6 11.Qc1 Nbd7 12.Re1 Qe7 13.Nc3 Bxf3 14.Bxf3 Bxf4 15.Qxf4 c6
16.a5 e5 17.dxe5 Nxe5 18.Bg2 Rfe8 19.Red1 Rad8 20.Rxd8 Rxd8 21.Ra4 Qd6 22.h3 h6
23.Kh2 Qc5 24.Ne4 Nxe4 25.Rxe4 Re8 26.b4 Qd6 27.h4 h5 28.Bh3 g6 29.Rd4 Qe7
30.Qc1 Qf6 31.Rf4 Qd6 32.Qc3 Qd1 33.Qb2 Qe1 34.Kg2 Kh7 35.Bc8 Qd1 36.Rd4 Qa4
37.Re4 Qb5 38.Qd4 f6 39.f4 c5 40.Qd5 Rxc8 41.fxe5 f5 42.Rc4 Re8 43.e6 Qc6
44.Rxc5 Qxd5+ 45.Rxd5 Rxe6 46.Rd7+ Kh6 47.Rxb7 Rxe2+ 48.Kf3 Re4 49.Rb6 Kg7
50.Rxa6 Rxb4 51.Rb6 Ra4 52.a6 Rg4 53.a7 Ra4 54.Rb7+ Kf6 55.Ke3 g5 56.hxg5+ Kxg5
57.Kd3 Ra1 58.Kc4 f4 59.gxf4+ Kxf4 60.Rh7 Kg4 61.Kb5 h4 62.Kb6 h3 63.Kb7 Rxa7+
64.Kxa7 Kg3 65.Rxh3+ Kxh3  1/2-1/2

[Event "Carlsen Inv Prelim"]
[Site "chess24.com INT"]
[Date "2020.04.29"]
[Round "6.5"]
[White "Ding Liren"]
[Black "Nakamura,Hi"]
[Result "0-1"]
[WhiteElo "2791"]
[BlackElo "2736"]

1.c4 e5 2.Nc3 Nf6 3.Nf3 Nc6 4.g3 d5 5.cxd5 Nxd5 6.Bg2 Nb6 7.O-O Be7 8.a3 O-O
9.d3 Be6 10.Be3 Nd5 11.Nxd5 Bxd5 12.Qa4 Re8 13.Rac1 a6 14.Rc3 Bf6 15.Rd1 Nd4
16.Rd2 Nxf3+ 17.Bxf3 Bxf3 18.exf3 c6 19.Kg2 g6 20.Qe4 Bg7 21.b4 f5 22.Qc4+ Kh8
23.d4 e4 24.d5 exf3+ 25.Kxf3 Qe7 26.Rcc2 cxd5 27.Rxd5 Rad8 28.Kg2 b5 29.Qd3 Qb7  0-1

[Event "Carlsen Inv Prelim"]
[Site "chess24.com INT"]
[Date "2020.04.29"]
[Round "6.1"]
[White "Nakamura,Hi"]
[Black "Ding Liren"]
[Result "1/2-1/2"]
[WhiteElo "2736"]
[BlackElo "2791"]

1.e4 e5 2.Nf3 Nc6 3.Bb5 Nf6 4.d3 Bc5 5.Bxc6 dxc6 6.Nbd2 Nd7 7.O-O O-O 8.Nc4 Re8
9.a4 a5 10.h4 b6 11.Be3 Bf8 12.g3 f6 13.Bd2 Nc5 14.Ne3 Ne6 15.h5 c5 16.Nh4 Nd4
17.Bc3 Bh3 18.Re1 Be6 19.Kg2 Qd7 20.b3 Rad8 21.Bxd4 cxd4 22.Nef5 Qc6 23.Rh1 Rd7
24.Kh2 Kf7 25.Qe2 Bd6 26.Raf1 Rg8 27.f4 Ke8 28.fxe5 Bxe5 29.Nf3 Kd8 30.Nxe5 fxe5
31.Rf2 Kc8 32.Rhf1 Kb7 33.Nh4 Qc5 34.Qd2 Rd6 35.Qg5 h6 36.Qe7 Rc6 37.Ng6 Bg4
38.Qxe5 Bxh5 39.Qxc5 Rxc5 40.Nf4 Bg4 41.Kg2 Rd8 42.Ng6 Rd6 43.Ne7 Re6 44.Nd5 Rec6
45.c4 dxc3 46.d4 Rxd5 47.exd5 Rd6 48.Rc1 Rxd5 49.Rf4 Bf5 50.g4 Bd7 51.Rxc3 g5
52.Re4 Rd6 53.Kf2 Bc6 54.Re7 Rxd4 55.Re6 Bd5 56.Rxh6 Rxg4  1/2-1/2

[Event "Carlsen Inv Prelim"]
[Site "chess24.com INT"]
[Date "2020.04.29"]
[Round "6.3"]
[White "Nakamura,Hi"]
[Black "Ding Liren"]
[Result "1/2-1/2"]
[WhiteElo "2736"]
[BlackElo "2791"]

1.e4 e5 2.Nf3 Nc6 3.Bb5 Nf6 4.d3 Bc5 5.Bxc6 dxc6 6.O-O Nd7 7.Nbd2 O-O 8.Nc4 Re8
9.a4 a5 10.Be3 Bb4 11.Nfd2 b5 12.Na3 Ba6 13.f4 exf4 14.Rxf4 Bd6 15.Rf2 Qh4
16.h3 Nb6 17.axb5 cxb5 18.Qf3 f6 19.Nab1 a4 20.Nc3 Nd7 21.Qf5 Ne5 22.Nf3 Nxf3+
23.Qxf3 Qg3 24.Qxg3 Bxg3 25.Rf3 Be5 26.Bf4 Bd4+ 27.Be3 Be5 28.Bf4 Bd4+ 29.Be3 Be5  1/2-1/2

[Event "Carlsen Inv Prelim"]
[Site "chess24.com INT"]
[Date "2020.04.30"]
[Round "7.1"]
[White "Vachier Lagrave,M"]
[Black "Nakamura,Hi"]
[Result "1-0"]
[WhiteElo "2778"]
[BlackElo "2736"]

1.d4 Nf6 2.Bg5 c5 3.d5 d6 4.Nc3 a6 5.a4 g6 6.e4 Bg7 7.Nf3 h6 8.Bf4 Bg4 9.Be2 Bxf3
10.Bxf3 Nbd7 11.O-O O-O 12.Qd2 Kh7 13.Be2 Qa5 14.Rfe1 Qb4 15.Ra2 b5 16.f3 Nb6
17.a5 Nc4 18.Bxc4 Qxc4 19.b3 Qb4 20.Nd1 Qxd2 21.Bxd2 e6 22.dxe6 fxe6 23.Nf2 Nd7
24.c3 c4 25.b4 Rfe8 26.Rd1 d5 27.Rc2 Ne5 28.Be3 Nc6 29.Bb6 d4 30.cxd4 Nxb4
31.Rcc1 Na2 32.Rc2 Nb4 33.Rcc1 Rac8 34.g3 h5 35.f4 Bf6 36.e5 Be7 37.Ne4 Nd5
38.Bc5 Bxc5 39.dxc5 Kg7 40.Kf2 Re7 41.Kf3 Nb4 42.Ke3 Nd3 43.Rxd3 cxd3 44.Kxd3 Rc6
45.Kd4 Kf8 46.h3 Rd7+ 47.Nd6 Rh7 48.Ne4 Ke7 49.Rd1 Rh8 50.Kc3 Rd8 51.Rd6 Rdxd6
52.exd6+ Kd7 53.Nf6+ Kd8 54.Kb4 Rc8 55.h4  1-0

[Event "Carlsen Inv Prelim"]
[Site "chess24.com INT"]
[Date "2020.04.30"]
[Round "7.2"]
[White "Nakamura,Hi"]
[Black "Vachier Lagrave,M"]
[Result "1/2-1/2"]
[WhiteElo "2736"]
[BlackElo "2778"]

1.d4 Nf6 2.Bg5 Ne4 3.Bf4 d5 4.e3 e6 5.Bd3 Bd6 6.Bxe4 Bxf4 7.exf4 dxe4 8.Nc3 Nc6
9.d5 Nb4 10.Qd2 O-O 11.Nxe4 exd5 12.Qxb4 dxe4 13.Ne2 Re8 14.O-O e3 15.fxe3 Rxe3
16.Rad1 Qe8 17.Ng3 b6 18.Rfe1 Bg4 19.Rc1 Rd8 20.Nf1 Rxe1 21.Rxe1 Qc6 22.Ne3 Bc8
23.Qe7 Re8 24.Nd5 Be6 25.f5 Kh8 26.Nb4 Qa8 27.Qxc7 Bxf5 28.Rxe8+ Qxe8 29.Kf2 h5
30.Nd5 Qe4 31.Ne3 Be6 32.b3 h4 33.Qxa7 Qf4+ 34.Ke2 Bg4+ 35.Nxg4 Qxg4+ 36.Kd3 Qxg2
37.Qb8+ Kh7 38.Qf4 Qd5+ 39.Kc3 Qc5+ 40.Kb2 Qe7 41.a4 g5 42.Qd4 f5 43.Qxb6 Qe5+
44.Ka2 Qxh2 45.Qc5 Qg2 46.Qxf5+ Kg7 47.Qd7+ Kh6 48.Qe6+ Kg7 49.Qe7+ Kh6 50.Qf6+ Kh7
51.Qf7+ Kh6 52.Qf8+ Kh7  1/2-1/2

[Event "Carlsen Inv Prelim"]
[Site "chess24.com INT"]
[Date "2020.04.30"]
[Round "7.3"]
[White "Vachier Lagrave,M"]
[Black "Nakamura,Hi"]
[Result "0-1"]
[WhiteElo "2778"]
[BlackElo "2736"]

1.Nf3 d5 2.g3 c5 3.Bg2 Nf6 4.O-O e6 5.b3 Be7 6.Bb2 O-O 7.d3 Nc6 8.Nbd2 b6
9.e3 Bb7 10.c4 Qd7 11.Qe2 d4 12.exd4 cxd4 13.a3 a5 14.Rae1 Rad8 15.Nh4 Ne8
16.Nhf3 Qc8 17.Qd1 f6 18.Bh3 f5 19.Bg2 Bf6 20.c5 bxc5 21.Qc2 Be7 22.Nc4 Nc7
23.Bc1 Nb5 24.Bf4 Rde8 25.Nb6 Nxa3 26.Qe2 Qd8 27.Qxe6+ Kh8 28.Nd7 Bc8 29.Qxc6 Bxd7
30.Qd5 Nc2 31.Rxe7 Qxe7 32.Bd6 Qe6 33.Ng5 Qxd5 34.Bxd5 h6 35.Nf7+ Kh7 36.Bxc5 Rg8
37.Rc1 Ne1 38.Bxd4 Be6 39.Bxe6 Rxe6 40.Bc3 Nxd3 41.Rd1 Nc5 42.Bxa5 f4 43.b4 Nb3
44.Nd8 Re2 45.gxf4 Nxa5 46.bxa5 Rf8 47.a6 Ra2 48.Ne6 Rf6 49.Rd6 h5 50.Kg2 Ra3
51.h4 Kg6 52.Rd5 Kh6 53.f5 Rxa6 54.Ng5 Ra4 55.f3 Rf4 56.Kg3 R4xf5 57.Rd8 Kg6
58.Ra8 Rb5 59.Rc8 Ra6 60.Rc7 Rb1 61.Rd7 Rg1+ 62.Kf2 Rb1 63.Kg3 Re1 64.Rb7 Ra2
65.Rb6+ Kf5 66.Rb5+ Re5 67.Rb7 Ree2 68.Rb5+ Kf6 69.Rb6+ Ke5 70.Rb5+ Kd4 71.Ne4 Rg2+
72.Kf4 g6 73.Rb6 Ra5 74.Rf6 Kd3 75.Rd6+ Kc2 76.Ng5 Ra4+ 77.Ne4 Rb4 78.Rd5 Rb8
79.Ra5 Kd3 80.Ra3+ Kc4 81.Ra4+ Kb5 82.Nc3+ Kc6 83.Ra6+ Rb6 84.Ra8 Rb4+ 85.Ne4 Rb1
86.Ng3 g5+ 87.hxg5 h4 88.Ne4 h3 89.Rh8 h2 90.Rh6+ Kd7 91.Rh7+ Kd8 92.Rh8+ Ke7
93.Rh7+ Kf8  0-1

[Event "Carlsen Inv Prelim"]
[Site "chess24.com INT"]
[Date "2020.04.30"]
[Round "7.4"]
[White "Nakamura,Hi"]
[Black "Vachier Lagrave,M"]
[Result "1/2-1/2"]
[WhiteElo "2736"]
[BlackElo "2778"]

1.d4 Nf6 2.Bg5 g6 3.Bxf6 exf6 4.e3 Bg7 5.Ne2 O-O 6.h4 h5 7.Nf4 d5 8.c4 dxc4
9.Bxc4 Kh8 10.Nc3 c6 11.d5 f5 12.dxc6 Qxd1+ 13.Rxd1 bxc6 14.Rc1 Nd7 15.O-O Ne5
16.Be2 Bf6 17.g3 Bb7 18.Na4 Rad8 19.Nc5 Bc8 20.Rc2 Rd6 21.Rfc1 Rfd8 22.b3 Rd2
23.Kg2 Be7 24.Kf1 Kg7 25.Ke1 Rxe2+ 26.Rxe2 Bxc5 27.Rxc5 Nf3+ 28.Kf1 Ba6 29.Kg2 Bxe2
30.Nxe2 Ne1+ 31.Kf1 Nf3 32.Ng1 Nxg1 33.Kxg1 Rd6 34.Ra5 Rd7 35.Kf1 Kf6 36.Ke2 Ke6
37.b4 Kd6 38.a3 Rc7 39.Kd3 Re7 40.Ra6 Kd5 41.Ra4 Rd7 42.Ra5+ Ke6+ 43.Kc2 f6
44.Ra6 Kd5 45.Kd3 Ke5+ 46.Ke2 Kd5 47.f3 Rc7 48.Kd3 Rd7 49.Ra5+ Kd6 50.Kc3 Re7
51.Kd4 Rd7 52.Kc4 Re7 53.Kd3 Rd7 54.Ke2 Re7 55.Kf2 Rb7 56.e4 fxe4 57.fxe4 Rc7
58.Ra6 Ke5 59.Ke3 c5 60.Ra5 Kd6 61.bxc5+ Rxc5 62.Rxa7 Rc3+ 63.Kf4 g5+ 64.Kf5 Rf3+
65.Kg6 Rxg3 66.Kxf6 gxh4 67.e5+ Kc6 68.a4 Rf3+ 69.Ke6 Ra3 70.Rh7 Rxa4 71.Rxh5 Re4
72.Ke7 h3 73.e6 Re3 74.Rh6 Kc7 75.Kf7 Kd6 76.e7+ Kd7 77.Rxh3 Rxe7+ 78.Kf6 Re6+
79.Kf5 Rd6 80.Re3 Rd5+ 81.Re5 Kd6 82.Rxd5+ Kxd5  1/2-1/2